000 01279nam a2200337 a 4500
003 DO-SdBNP
005 20220329131538.0
007 ta
008 210817e2018 dr aoc|fr|||| 001 0deng d
020 _a9781946300263
020 _a1946300268
040 _aDO-SdBNP
_bspa
_cBNMPHU
041 _heng
082 4 _bC957ex
_222
100 _957301
_aCruz Cabrera, Ana Arelys
245 1 0 _aExperiences and techniques of sleep studies = Experiencias y técnicas sobre estudios del sueño. /
_cAna Arelys Cruz Cabrera; Editores, Mary Ann Schroder, Lucille Amaral y María Breton.
246 _aExperiencias y técnicas sobre estudios del sueño.
260 _aPawtucket, USA. :
_bFirst Stillwater River Publications,
_c2018
300 _a286 p. :
_bil., gráf., retr. ;
_c23 cm.
500 _aIncluye datos biográficos de la autor en las páginas i, 121
504 _aBibliografía, p. 259-566
546 _aLibro con traducción al español.
590 _aInventariado 2021 / MF
650 4 _934998
_aTrastornos del Sueño
650 4 _960357
_aSueños
_vInvestigación
_xAspectos Fisiológicos
700 1 _aAnn Schroder, Mary,
_eed.
_979461
700 1 _aAmaral, Lucille,
_eed.
_979462
700 1 _aBreton, María,
_eed.
_979463
910 _aMFeliz
942 _2ddc
_cLBS1
999 _c50211
_d50211